Find the Cartoon Primates Quiz Stats

 Plays Quiz Updated Jun 17, 2017

Support Sporcle.
Go Orange.
Score 0/38 Timer 07:00
0 Plays Today
% Correct
Donkey
Kong
89.2%
Rafiki
81.3%
George
80.6%
Abu
80.1%
Boots
74%
King Louie
74%
King Julien
73.3%
Grape Ape
70.9%
Mojo Jojo
68.6%
Francine
Frensky
67.9%
Evil
Monkey
62.4%
Terk
61.8%
Darwin
Thornberry
61%
Captain Gutt
53.3%
I.R. Baboon
49.2%
Momo
the Winged
Lemur
49.1%
Magilla
Gorilla
46.4%
Johnny
46.2%
Buddhist
Monkey
43.7%
% Correct
Lazlo
41.4%
Maurice
40.4%
Mort
38.7%
Mr. Teeny
36.2%
Phil|Mason
36.1%
Minka Mark
35.5%
Miss
Lucy Simian
35%
Master Monkey
34.5%
Jacob P. Jake
Spidermonkey
29.4%
Captain
Huggy Face
28.6%
Gleek
27.6%
Mr. Nesmith
26.5%
Chim-Chim
25.3%
Windsor
Gorilla
23.7%
Blip
22.8%
Maurice
the Gorilla
22.4%
Booby
20.5%
Bubbles
19.8%
Bobo Haha
19.5%

You're not logged in!

Compare scores with friends on all Sporcle quizzes.
OR
Log In
Forgot?

From the Vault

Without Sporcle: Holiday

by alinrotundu

Caution: DO NOT celebrate your holidays without Sporcle!
Remove Ads.
Support Sporcle.
Get the best of Sporcle when you Go Orange. This ad-free experience offers more features, more stats, and more fun while also helping to support Sporcle. Thank you for becoming a member.

Show Comments

Extras

Top Quizzes Today


Score Distribution

Your Account Isn't Verified!

In order to create a playlist on Sporcle, you need to verify the email address you used during registration. Go to your Sporcle Settings to finish the process.

Report this User

Report this user for behavior that violates our Community Guidelines.

Details: